[Event "Griesheim GM"]
[Site "Griesheim"]
[Date "2002.01.26"]
[Round "4"]
[White "Schmaltz, Roland"]
[Black "Grabarczyk, Miroslaw"]
[Result "1-0"]
[WhiteElo "2534"]
[BlackElo "2495"]
[PlyCount "103"]
[EventDate "2002.01.23"]
[Source "ChessBase"]
[SourceDate "2002.03.21"]

1. e4 e5 2. Nf3 Nc6 3. Bc4 Bc5 4. d3 Nf6 5. Bb3 d6 6. c3 a6 7. O-O Ba7 8. Re1 O-O 9. h3 Be6 10. Bc2 h6 11. d4 exd4 12. cxd4 Nb4 13. d5 Nxc2 14. Qxc2 Bd7 15. Nc3 Nh5 16. Be3 Qf6 17. Bxa7 Rxa7 18. e5 dxe5 19. Nxe5 Qd6 20. Qd1 Nf6 21. Qd4 c5 22. Qd3 b5 23. a4 Rb7 24. axb5 axb5 25. Nxd7 Qxd7 26. Ra6 c4 27. Qg3 Re8 28. Rxe8+ Nxe8 29. Ra8 Kh7 30. Ne4 Ra7 31. Rb8 b4 32. Qe5 c3 33. bxc3 bxc3 34. Nxc3 Nd6 35. Ne4 Nxe4 36. Qxe4+ f5 37. Qd4 Ra4 38. Qc5 Ra1+ 39. Kh2 Qa7 40. Qxa7 Rxa7 41. Rf8 Kg6 42. g4 fxg4 43. hxg4 h5 44. gxh5+ Kxh5 45. Kg3 Ra5 46. Rf5+ g5 47. Kf3 Ra4 48. Rf6 g4+ 49. Ke3 Kg5 50. Rf8 Kg6 51. d6 Ra7 52. Ke4 1-0

[Event "Novi Sad ol (Men)"]
[Site "Novi Sad YUG"]
[Date "1990.??.??"]
[Round "9"]
[White "Ivanovic, Bozidar"]
[Black "Hjartarson, Johann"]
[Result "1/2-1/2"]
[WhiteElo "2520"]
[BlackElo "2505"]
[PlyCount "47"]
[EventDate "1990.11.??"]
[Source "www.chesslib.no"]
[SourceDate "2004.05.04"]

1. e4 e5 2. Nf3 Nc6 3. Bc4 Bc5 4. d3 Nf6 5. Nc3 d6 6. Bg5 h6 7. Bxf6 Qxf6 8. Nd5 Qd8 9. c3 a6 10. d4 Ba7 11. h3 O-O 12. O-O Be6 13. Bb3 Qd7 14. Re1 Rae8 15. dxe5 Nxe5 16. Nd4 Ng6 17. Qf3 c6 18. Ne3 Bxb3 19. axb3 Bxd4 20. cxd4 Nh4 21. Qf4 Ng6 22. Qf3 Nh4 23. Qf4 Ng6 24. Qf3 1/2-1/2

[Event "Terrassa op"]
[Site "Terrassa"]
[Date "1996.??.??"]
[Round "4"]
[White "Narciso Dublan, Marc"]
[Black "Arencibia, Walter"]
[Result "0-1"]
[WhiteElo "2470"]
[BlackElo "2555"]
[PlyCount "120"]
[EventDate "1996.07.??"]
[Source "www.chesslib.no"]
[SourceDate "2004.05.04"]

1. e4 e5 2. Nf3 Nc6 3. Bc4 Bc5 4. Nc3 Nf6 5. d3 d6 6. Na4 a6 7. Nxc5 dxc5 8. c3 O-O 9. Bb3 Qd6 10. Qe2 a5 11. O-O b6 12. Ba4 Re8 13. Bb5 Bd7 14. Rd1 h6 15. Be3 Rad8 16. h3 Qf8 17. Qc2 Nb8 18. Bxd7 Nbxd7 19. Qa4 Qe7 20. Nh4 Qe6 21. b3 Nh5 22. Nf5 Kh7 23. Qa3 Nf4 24. Qb2 Qf6 25. Kh2 g6 26. Ng3 h5 27. f3 Nf8 28. d4 h4 29. Nf1 exd4 30. cxd4 N8e6 31. e5 Qf5 32. dxc5 Nd3 33. Qc3 Nexc5 34. Bxc5 Nxc5 35. Rxd8 Rxd8 36. Re1 Qf4+ 37. Kh1 Rd5 38. Ne3 Rxe5 39. Ng4 Rxe1+ 40. Qxe1 g5 41. Qc3 Ne6 42. Nf6+ Kg6 43. Ne4 f6 44. Qc6 Qe5 45. Qe8+ Kf5 46. Qc6 Nd4 47. Qc4 c6 48. Qd3 Ke6 49. Qd2 Nf5 50. Qc2 Qa1+ 51. Kh2 Ne3 52. Qd3 Nf1+ 53. Kg1 Ng3+ 54. Kf2 Qxa2+ 55. Ke1 Qa1+ 56. Kd2 Qb2+ 57. Kd1 Nf5 58. Nd2 Qd4 59. Kc2 Qxd3+ 60. Kxd3 Nd6 0-1

[Event "Calviá ol (Men)"]
[Site "Mallorca"]
[Date "2004.10.18"]
[Round "4.23"]
[White "Sermek, Drazen"]
[Black "Abdulla, Al Rakib"]
[Result "1-0"]
[WhiteElo "2547"]
[BlackElo "2474"]
[PlyCount "63"]
[EventDate "2004.10.15"]
[Source "Roberto Alvarez"]
[SourceDate "2004.10.25"]

1. e4 e5 2. Nf3 Nc6 3. Bc4 Bc5 4. d3 Nf6 5. Nc3 a6 6. Bg5 h6 7. Bxf6 Qxf6 8. Nd5 Qd8 9. c3 d6 10. d4 exd4 11. cxd4 Ba7 12. h3 O-O 13. O-O Be6 14. Rc1 Na5 15. Bd3 c5 16. Bb1 Nc6 17. dxc5 dxc5 18. a3 Nd4 19. Nxd4 Bxd5 20. Nf5 Be6 21. Nd6 Qf6 22. Qe2 Qe5 23. Rcd1 c4 24. Kh1 Bd4 25. Nxc4 Qc5 26. Bd3 Rac8 27. b4 Qc6 28. Na5 Qc3 29. e5 b6 30. Qe4 g6 31. Bxa6 Rcd8 32. Nc6 1-0

[Event "New York USA"]
[Site "?"]
[Date "2004.09.28"]
[Round "2"]
[White "Lenderman Alex"]
[Black "Kamsky Gata"]
[Result "0-1"]
[WhiteElo "2298"]
[BlackElo "2717"]
[PlyCount "104"]
[EventDate "2004.??.??"]
[Source "www.chesslib.no"]
[SourceDate "2004.05.04"]

1. e4 e5 2. Nf3 Nc6 3. Bc4 Bc5 4. Nc3 d6 5. d3 Nf6 6. h3 h6 7. Be3 Bxe3 8. fxe3 O-O 9. O-O Be6 10. Qe1 Bxc4 11. dxc4 Nb4 12. Qf2 Na6 13. Rad1 Nc5 14. Nd2 a5 15. Qe2 Nh7 16. Nb3 Ne6 17. a4 b6 18. Nc1 Qh4 19. Qf2 Qg5 20. Qf3 g6 21. Nd5 Kg7 22. Nd3 h5 23. b3 Rac8 24. Kh2 Qh4 25. g3 Qd8 26. h4 Qe8 27. Rf2 Qd8 28. Kh1 c6 29. Nc3 Qe7 30. Qe2 Nf6 31. Rf3 Ng4 32. Nf2 Nh6 33. Rf1 Rcd8 34. Nh3 Nc5 35. Ng5 f6 36. Nh3 Qe6 37. Kg2 Ng8 38. R3f2 Ne7 39. Kh2 d5 40. exd5 cxd5 41. e4 dxc4 42. bxc4 Rd4 43. Ng5 Qxc4 44. Qe3 Rdd8 45. Rxf6 Rxf6 46. Rxf6 Kxf6 47. Nd5+ Nxd5 48. Qf2+ Nf4 49. gxf4 Kg7 50. f5 Nxe4 51. Qg2 Rd2 52. f6+ Kf8 0-1

[Event "Akureyri"]
[Site "Akureyri"]
[Date "1988.??.??"]
[Round "?"]
[White "Tisdall, Jonathan D"]
[Black "Hjartarson, Johann"]
[Result "0-1"]
[WhiteElo "2425"]
[BlackElo "2590"]
[PlyCount "84"]
[EventDate "1988.03.??"]
[Source "ChessBase"]

1. e4 e5 2. Nf3 Nc6 3. Bc4 Bc5 4. d3 Nf6 5. Nc3 d6 6. Bg5 h6 7. Bxf6 Qxf6 8. Nd5 Qd8 9. c3 Ne7 10. d4 Nxd5 11. dxc5 Nf4 12. O-O Qf6 13. cxd6 cxd6 14. Bb5+ Ke7 15. Re1 h5 16. Re3 h4 17. Qd2 Rh6 18. c4 Bg4 19. c5 dxc5 20. Qc3 Bxf3 21. Rxf3 Qd6 22. g3 hxg3 23. fxg3 Ne6 24. Bc4 Qd4+ 25. Qxd4 cxd4 26. Raf1 f6 27. Bxe6 Kxe6 28. Rb3 b6 29. Rc1 Rhh8 30. Rc7 Rhd8 31. Kf2 Rd7 32. Rc6+ Ke7 33. Ke2 Kd8 34. Rb4 Rc8 35. Rxc8+ Kxc8 36. Rb3 Rc7 37. Kd2 Kd7 38. g4 Ke6 39. Rh3 Rc8 40. Rh5 Kf7 41. h4 a5 42. Rf5 Rh8 0-1

[Event "POL-chT"]
[Site "Zakopane"]
[Date "2000.09.02"]
[Round "1"]
[White "Jaracz, Pawel"]
[Black "Kaminski, Marcin"]
[Result "1/2-1/2"]
[WhiteElo "2511"]
[BlackElo "2498"]
[PlyCount "29"]
[EventDate "2000.09.02"]
[Source "www.chesslib.no"]
[SourceDate "2004.05.04"]

1. e4 e5 2. Nf3 Nc6 3. Bc4 Bc5 4. O-O Nf6 5. d3 O-O 6. h3 a6 7. Bb3 d6 8. c3 Ba7 9. Re1 Ne7 10. Nbd2 Ng6 11. Nf1 Nh5 12. Bg5 Qe8 13. Be3 Nhf4 14. Kh2 Bd7 15. Ng1 1/2-1/2

[Event "Bermuda-B"]
[Site "Bermuda"]
[Date "2003.01.27"]
[Round "3"]
[White "Schmaltz, Roland"]
[Black "Kallio, Heikki"]
[Result "1-0"]
[WhiteElo "2529"]
[BlackElo "2474"]
[PlyCount "65"]
[EventDate "2003.01.25"]
[Source "ChessBase"]
[SourceDate "2003.05.26"]

1. e4 e5 2. Nf3 Nc6 3. Bc4 Bc5 4. d3 Nf6 5. Bb3 Qe7 6. c3 d6 7. O-O h6 8. Nbd2 g5 9. Nc4 g4 10. Ne1 Rg8 11. Be3 Bd7 12. d4 Bb6 13. Nxb6 axb6 14. d5 Na5 15. Bc2 Nc4 16. Bc1 c6 17. dxc6 bxc6 18. Bd3 d5 19. exd5 cxd5 20. Nc2 h5 21. Nb4 Qe6 22. Re1 Ra5 23. Qe2 e4 24. Nxd5 Qxd5 25. Bxc4 Qf5 26. Be3 b5 27. Bb3 Bc6 28. Rad1 Rg6 29. Rd6 Nd7 30. Qd2 h4 31. Rxg6 Qxg6 32. Bf4 Kf8 33. c4 1-0

[Event "Montigny le Bretonneux"]
[Site "?"]
[Date "2001.12.30"]
[Round "6.20"]
[White "Lescale Romain"]
[Black "Benhamouda Fabrice"]
[Result "0-1"]
[WhiteElo "2500"]
[BlackElo "2500"]
[PlyCount "104"]
[EventDate "2001.??.??"]
[Source "www.chesslib.no"]
[SourceDate "2004.05.04"]

1. e4 e5 2. Nf3 Nc6 3. Bc4 Bc5 4. d3 h6 5. Nh4 Qxh4 6. g3 Qf6 7. O-O d6 8. Nc3 Qd8 9. Qf3 Nf6 10. g4 Bxg4 11. Qg2 Rg8 12. h3 Be6 13. Bb5 a6 14. Ba4 b5 15. Nxb5 axb5 16. Bxb5 Bd7 17. Bc4 Qc8 18. c3 Bxh3 19. Qh2 Bxf1 20. Kxf1 Qg4 21. Bb5 Kd7 22. Bc4 Ke7 23. Be3 Bxe3 24. fxe3 Qf3+ 25. Kg1 Qxe3+ 26. Kf1 Qf4+ 27. Qxf4 exf4 28. d4 Rgb8 29. b3 Nxe4 30. d5 Ne5 31. Re1 Nd2+ 32. Kg2 f3+ 33. Kf2 Ndxc4 34. bxc4 Rxa2+ 35. Kg3 f2 36. Rf1 Rbb2 37. Kg2 Nd3 38. Kf3 g5 39. Rh1 h5 40. Ke3 Ne1 41. c5 dxc5 42. c4 Rb1 43. Ke4 Raa1 44. Kf5 f6 45. Kg6 Nf3 46. Rxh5 Rh1 47. Rxh1 Rxh1 48. Kf5 f1=Q 49. d6+ cxd6 50. Kg6 Nd4 51. Kg7 Qh3 52. Kg6 Qh6# 0-1

[Event "SJRP-ch U18 Girls"]
[Site "?"]
[Date "2002.04.03"]
[Round "2.1"]
[White "Reuter Christin"]
[Black "Hauck Kerstin Elisabeth"]
[Result "0-1"]
[WhiteElo "2500"]
[BlackElo "2500"]
[PlyCount "73"]
[EventDate "2002.??.??"]
[Source "www.chesslib.no"]
[SourceDate "2004.05.04"]

1. e4 e5 2. Nf3 Nc6 3. Bc4 Bc5 4. O-O Nf6 5. d3 h6 6. h3 d6 7. c3 O-O 8. Re1 Be6 9. d4 Bxc4 10. dxc5 dxc5 11. Be3 Qxd1 12. Rxd1 Nxe4 13. Nbd2 Nxd2 14. Rxd2 b6 15. b3 Be6 16. Rc1 f6 17. Ne1 Rad8 18. Rcd1 Rxd2 19. Rxd2 Rd8 20. f4 Rxd2 21. Bxd2 Kf7 22. g4 e4 23. f5 Bc8 24. Ng2 h5 25. Kf2 hxg4 26. hxg4 Ne5 27. Ne3 Bb7 28. c4 a6 29. a4 g6 30. Kg3 g5 31. b4 cxb4 32. Bxb4 a5 33. Bc3 Nd3 34. Nd5 Bxd5 35. cxd5 Nc5 36. Kf2 Nxa4 37. Ke3 0-1